Counting, sampling and intergrating : algorithms and complexity
Αποθηκεύτηκε σε:
| Κύριος συγγραφέας: | |
|---|---|
| Μορφή: | Βιβλίο |
| Γλώσσα: | English |
| Δημοσίευση: |
Basel :
Birkhauser Verlag,
c2003
|
| Σειρά: | Lectures in mathematics. ETH Zurich
|
| Θέματα: | |
| Ετικέτες: |
Προσθήκη ετικέτας
Δεν υπάρχουν, Καταχωρήστε ετικέτα πρώτοι!
|
MARC
| LEADER | 00000nam a2200000 i 4500 | ||
|---|---|---|---|
| 001 | 1/45678 | ||
| 008 | 031128s2003 eng d | ||
| 020 | |a 3-7643-6946-9 | ||
| 035 | |l 10071764 | ||
| 040 | |a GR-MY-UA |b gre |e aacr | ||
| 041 | 0 | |a eng | |
| 082 | 0 | |a 511.62 | |
| 100 | 1 | |a Jerrum, Mark |d 1955- | |
| 245 | 1 | 0 | |a Counting, sampling and intergrating : |b algorithms and complexity / |c Mark Jerrum |
| 260 | |a Basel : |b Birkhauser Verlag, |c c2003 | ||
| 300 | |a xi, 112 p.; |b ill.; |c 24 cm. | ||
| 490 | 1 | |a Lectures in mathematics. ETH Zurich | |
| 504 | |a Includes bibliographical references and index | ||
| 650 | 0 | 0 | |a Combinatorial enumeration problems. |
| 650 | 0 | 0 | |a Algorithms. |
| 650 | 0 | 0 | |a Computational complexity. |
| 852 | |a INST |b SAMOS |e 20031128 |h 511.62 JER |p 005300023614 |q 005300023614 |t BK |y 0 | ||
| 901 | |a BIBL3-2003-3 | ||
| 909 | |a Σ |b 099372 | ||
| 922 | |a 3ΕΛΗ |b 200309 |c ΜΕΤΑΠΤ/ΤΜΗΜΑ ΜΑΘΗΜΑΤΙΚΩΝ |d GLORYBOOK | ||
| 970 | |a ΠΟΥΡΝΑΡΑΣ |b ΔΗΜΗΤΡΗΣ |z 2003/11/28 | ||